Billy Gunn's WrestleMania Opponents - Statistics

General Stats
  • This quiz has been taken 12 times
  • The average score is 13 of 16
Answer Stats
WrestleMania Opponent % Correct
WrestleMania X8 Bubba Ray Dudley
91%
WrestleMania XXX Dean Ambrose
91%
WrestleMania X8 D-Von Dudley
91%
WrestleMania X8 Jeff Hardy
91%
WrestleMania X8 Matt Hardy
91%
WrestleMania XXX Roman Reigns
91%
WrestleMania XXX Seth Rollins
91%
WrestleMania XV Al Snow
82%
WrestleMania XIV Cactus Jack
82%
WrestleMania XIV Chainsaw Charlie
82%
WrestleMania X8 Bradshaw
73%
WrestleMania X8 Faarooq
73%
WrestleMania 13 Flash Funk
73%
WrestleMania XV Hardcore Holly
64%
WrestleMania XI Owen Hart
64%
WrestleMania XI Yokozuna
55%
No matching quizzes found
Score Distribution
Percent of People with Each Score
Percentile by Number Answered
Your Score History
You have not taken this quiz